The noble scholar, jurist, historian


 His Excellency Dr. Abdul Wahhab bin Ibrahim Abu Sulaiman, may Allah have mercy on him.


 He was born in Umm Al-Qura in the year 1356 AH.

هذه تبصرة الصبيان وتذكرة الإخوان / (Record no. 14374)

MARC details
000 -LEADER
fixed length control field 01304cam a22002531i 4500
003 - CONTROL NUMBER IDENTIFIER
control field SA-RiAUC
005 - DATE AND TIME OF LATEST TRANSACTION
control field 20260217141320.0
008 - FIXED-LENGTH DATA ELEMENTS--GENERAL INFORMATION
fixed length control field 260212s2005 jo g 000 0 ara c
040 ## - CATALOGING SOURCE
Original cataloging agency SA-JeALM
Language of cataloging ara
Transcribing agency SA-RiAUC.
Description conventions rda
082 04 - DEWEY DECIMAL CLASSIFICATION NUMBER
Classification number 251
090 ## - LOCALLY ASSIGNED LC-TYPE CALL NUMBER (OCLC); LOCAL CALL NUMBER (RLIN)
Classification number (OCLC) (R) ; Classification number, CALL (RLIN) (NR) م ن 251
Local cutter number (OCLC) ; Book number/undivided call number, CALL (RLIN) ك م ا
100 1# - MAIN ENTRY--PERSONAL NAME
Personal name كمال، محمد صالح بن صديق بن عبد الرحمن،
Dates associated with a name ولد 1263 هجري
Relator term مؤلف.
245 10 - TITLE STATEMENT
Title هذه تبصرة الصبيان وتذكرة الإخوان /
Remainder of title وقد حلي هامشه بالرسالة المسماة كفاية الغلام لإمام عصره وواحد دهره سيدي عبدالغني النابلسي الحنفي
Statement of responsibility, etc. محمد صالح بن صديق كمال الحنفي .
246 33 - VARYING FORM OF TITLE
Title proper/short title تبصرة الصبيان وتذكرة الإخوان
264 #1 - PRODUCTION, PUBLICATION, DISTRIBUTION, MANUFACTURE, AND COPYRIGHT NOTICE
Place of production, publication, distribution, manufacture القاهرة :
Name of producer, publisher, distributor, manufacturer مطبعة التقدم العلمية،
Date of production, publication, distribution, manufacture, or copyright notice 1345 هـ
300 ## - PHYSICAL DESCRIPTION
Extent 90 صفحة
Dimensions 28 سم.
336 ## - CONTENT TYPE
Content type term نص
Content type code txt
Source rdacontent
Materials specified كتاب
337 ## - MEDIA TYPE
Media type term بدون وسيط
Media type code n
Source rdamedia
650 #7 - SUBJECT ADDED ENTRY--TOPICAL TERM
Topical term or geographic name entry element أصول الفقه الإسلامي
Source of heading or term aucsh
700 1# - ADDED ENTRY--PERSONAL NAME
Personal name النابلسي الحنفي، عبدالغني
Relator term مؤلف.
740 ## - ADDED ENTRY--UNCONTROLLED RELATED/ANALYTICAL TITLE
Uncontrolled related/analytical title كفاية الغلام للإمام عبدالغني النابلسي الحنفي
942 ## - ADDED ENTRY ELEMENTS (KOHA)
Source of classification or shelving scheme Dewey Decimal Classification
Koha item type كتاب مصور نادر
Suppress in OPAC No
949 ## - LOCAL PROCESSING INFORMATION (OCLC)
a SA-JeALM
d 260212
u osman123
n 1
Holdings
Withdrawn status Lost status Source of classification or shelving scheme Damaged status Not for loan Home library Current library Date acquired Total checkouts Full call number Barcode Date last seen Price effective from Koha item type
    Dewey Decimal Classification     DR AbdElwahab Library DR AbdElwahab Library 02/17/2026   م ن 251 ك م ا 000022791 02/17/2026 02/17/2026 كتاب مصور نادر